[Event "Asia Nations online Cup"]
[Site "Chess.com INT"]
[Date "2020.10.18"]
[Round "8.3"]
[White "Pascua, Haridas"]
[Black "Makhnev, Denis"]
[Result "1-0"]
[WhiteElo "2418"]
[BlackElo "2486"]
[PlyCount "69"]
[EventDate "2020.10.10"]
[EventType "team-swiss (rapid)"]
[EventRounds "9"]
[EventCountry "IND"]
[SourceTitle "CBM 198 Extra"]
[Source "ChessBase"]
[SourceDate "2020.11.30"]
[SourceVersion "1"]
[SourceVersionDate "2020.11.30"]
[SourceQuality "1"]
[WhiteTeam "Philippines"]
[BlackTeam "Kazakhstan"]
[WhiteTeamCountry "PHI"]
[BlackTeamCountry "KAZ"]

1. d4 d5 2. c4 dxc4 3. Nc3 Nf6 4. e3 Nc6 5. Bxc4 e5 6. d5 Ne7 7. e4 Ng6 8. Be3 a6 9. h3 Bd6 10. Nf3 0-0 11. 0-0 Bd7 12. a4 Qe7 13. Rc1 h6 14. Re1 Rfb8 15. Bd3 b5 16. axb5 axb5 17. Ne2 Bb4 18. Rf1 Nxd5 19. exd5 e4 20. Bxe4 Qxe4 21. Rxc7 Rd8 22. Ng3 Qe8 23. Rc1 Bd6 24. Re1 Bxg3 25. fxg3 Be6 26. d6 Rac8 27. Bc5 Qd7 28. b4 Re8 29. Ra1 Ra8 30. Qd4 Qc6 31. Kh2 f6 32. Rxa8 Qxa8 33. d7 Bxd7 34. Qxd7 Rxe1 35. Nxe1 1-0

[Event "Penang op 11th"]
[Site "Penang"]
[Date "2019.12.10"]
[Round "2"]
[White "Wolf, Walter"]
[Black "Pascua, Haridas"]
[Result "0-1"]
[WhiteElo "2107"]
[BlackElo "2441"]
[PlyCount "138"]
[EventDate "2019.12.09"]
[EventType "swiss"]
[EventRounds "9"]
[EventCountry "MAS"]
[SourceTitle "CBM 193 Extra"]
[Source "ChessBase"]
[SourceDate "2020.01.31"]
[SourceVersion "1"]
[SourceVersionDate "2020.01.31"]
[SourceQuality "1"]

1. e4 c5 2. Nf3 Nc6 3. Bb5 Nf6 4. Nc3 g6 5. Bxc6 dxc6 6. d3 Bg7 7. Be3 b6 8. Qd2 Ng4 9. Bf4 e5 10. Bg3 f6 11. h3 Nh6 12. Nh2 g5 13. f3 Be6 14. Bf2 Nf7 15. Ng4 h5 16. Ne3 h4 17. a4 Bf8 18. Qe2 Qd7 19. Ng4 Qd8 20. Nd1 Be7 21. Be3 Qd6 22. b3 Nd8 23. Nb2 Bf7 24. Qf2 Ne6 25. 0-0 Qc7 26. Rfd1 Kf8 27. c3 Kg7 28. Qc2 Rhd8 29. Bf2 Rd7 30. Be3 Rad8 31. Nf2 Qb8 32. Rdb1 Rb7 33. Nbd1 Qd6 34. Bc1 Bg6 35. Be3 Rbd7 36. Nb2 Nc7 37. Nbd1 Qe6 38. Rb2 Kf8 39. Rab1 f5 40. Qe2 f4 41. Bc1 Bf7 42. Ra2 Ra8 43. c4 Rad8 44. Bb2 Na6 45. Bc3 Nb4 46. Bxb4 cxb4 47. Kh2 Bc5 48. Rd2 Qd6 49. Ra1 Bd4 50. Raa2 Qc5 51. Rdc2 Ke7 52. Rc1 Rb8 53. Rcc2 Be6 54. Kh1 Qd6 55. Rc1 b5 56. Kh2 Rbd8 57. Kh1 Bb6 58. Kh2 a5 59. Kh1 Qc5 60. Qc2 Rxd3 61. cxb5 Qxc2 62. Raxc2 Rd2 63. bxc6 Rxc2 64. Rxc2 Bxb3 65. Rc1 Bxa4 66. Nb2 Bb5 67. Ng4 Ke6 68. c7 Rc8 69. Rd1 Rxc7 0-1

[Event "Penang op 11th"]
[Site "Penang"]
[Date "2019.12.09"]
[Round "1"]
[White "Pascua, Haridas"]
[Black "Nisban, Cyrus"]
[Result "1-0"]
[WhiteElo "2441"]
[BlackElo "1923"]
[PlyCount "75"]
[EventDate "2019.12.09"]
[EventType "swiss"]
[EventRounds "9"]
[EventCountry "MAS"]
[SourceTitle "CBM 193 Extra"]
[Source "ChessBase"]
[SourceDate "2020.01.31"]
[SourceVersion "1"]
[SourceVersionDate "2020.01.31"]
[SourceQuality "1"]

1. d4 Nf6 2. c4 g6 3. Nc3 Bg7 4. e4 d6 5. Nf3 0-0 6. Be2 e5 7. 0-0 Nc6 8. d5 Ne7 9. b4 a5 10. bxa5 Rxa5 11. a4 Nd7 12. Ba3 Bh6 13. Nd2 Ra8 14. Nb3 b6 15. a5 Nc5 16. axb6 cxb6 17. Bxc5 Rxa1 18. Qxa1 bxc5 19. Rd1 f5 20. Qa5 Qd7 21. Qb6 Qb7 22. Qxb7 Bxb7 23. Nb5 Nc8 24. Na5 Rf7 25. exf5 gxf5 26. Nxb7 Rxb7 27. g4 f4 28. Ra1 Bf8 29. Ra8 Nb6 30. Rd8 Rd7 31. Rb8 Na4 32. Bd3 Kg7 33. Bf5 Rf7 34. Be6 Rf6 35. g5 Rg6 36. h4 Nb2 37. Nxd6 Bxd6 38. Rg8# 1-0

[Event "Johor op 6th"]
[Site "Johor"]
[Date "2019.12.05"]
[Round "6"]
[White "Prasannaa, S."]
[Black "Pascua, Haridas"]
[Result "0-1"]
[WhiteElo "2213"]
[BlackElo "2441"]
[PlyCount "80"]
[EventDate "2019.12.02"]
[EventType "swiss"]
[EventRounds "9"]
[EventCountry "MAS"]
[SourceTitle "CBM 193 Extra"]
[Source "ChessBase"]
[SourceDate "2020.01.31"]
[SourceVersion "1"]
[SourceVersionDate "2020.01.31"]
[SourceQuality "1"]

1. e4 e5 2. Nf3 Nc6 3. Bb5 a6 4. Ba4 Nf6 5. 0-0 b5 6. Bb3 Be7 7. d4 d6 8. dxe5 Nxe5 9. Nxe5 dxe5 10. Qxd8+ Bxd8 11. f4 c6 12. Bxf7+ Ke7 13. h3 Bb6+ 14. Kh2 Kxf7 15. fxe5 Bb7 16. Bf4 Ne8 17. Nc3 Rf8 18. Bg3+ Kg8 19. Rxf8+ Kxf8 20. a4 bxa4 21. Nd5 cxd5 22. exd5 Bc7 23. c4 Rc8 24. Rf1+ Kg8 25. Rc1 Bb6 26. e6 Bc6 27. dxc6 Kf8 28. Bh4 Bd4 29. g4 h6 30. Rc2 Nf6 31. Kg2 Ke7 32. g5 hxg5 33. Bxg5 Kxe6 34. Kf3 Rb8 35. Bc1 Rb3+ 36. Kg2 Ne4 37. c5 Rg3+ 38. Kf1 Rg1+ 39. Ke2 Rg2+ 40. Kd3 Nxc5+ 0-1

[Event "PHI-ch"]
[Site "Quezon City"]
[Date "2019.11.26"]
[Round "11"]
[White "Barcenilla, Rogelio"]
[Black "Pascua, Haridas"]
[Result "1-0"]
[WhiteElo "2451"]
[BlackElo "2434"]
[PlyCount "88"]
[EventDate "2019.11.20"]
[EventType "tourn"]
[EventRounds "11"]
[EventCountry "PHI"]
[EventCategory "6"]
[SourceTitle "CBM 193 Extra"]
[Source "ChessBase"]
[SourceDate "2020.01.31"]
[SourceVersion "1"]
[SourceVersionDate "2020.01.31"]
[SourceQuality "1"]

1. c4 Nf6 2. Nc3 e5 3. Nf3 Nc6 4. Qc2 g6 5. g3 Bg7 6. Bg2 0-0 7. 0-0 d6 8. d3 h6 9. Rb1 a5 10. a3 Be6 11. b4 Qc8 12. b5 Ne7 13. c5 Nd7 14. Na4 b6 15. c6 Nf6 16. Re1 Ne8 17. Bb2 f5 18. Nd2 Rb8 19. Nc4 g5 20. Rbd1 Bf7 21. e4 Qe6 22. Bf1 Kh8 23. Nc3 Nf6 24. d4 Nxe4 25. dxe5 d5 26. Nd2 Bh5 27. Be2 Bg6 28. f3 Nc5 29. Na4 Nxa4 30. Qxa4 f4 31. g4 Rbd8 32. Nb3 Rfe8 33. Bf1 Bh7 34. Nd4 Qf7 35. Kg2 Ng6 36. Nf5 Bxe5 37. Rxe5 Nxe5 38. Re1 Bxf5 39. Rxe5 Rxe5 40. Bxe5+ Kh7 41. gxf5 d4 42. Bd3 Qd5 43. f6+ Kh8 44. Qb3 Qxb3 1-0

[Event "PHI-ch"]
[Site "Quezon City"]
[Date "2019.11.25"]
[Round "10"]
[White "Pascua, Haridas"]
[Black "Severino, Sander"]
[Result "1-0"]
[WhiteElo "2434"]
[BlackElo "2378"]
[PlyCount "65"]
[EventDate "2019.11.20"]
[EventType "tourn"]
[EventRounds "11"]
[EventCountry "PHI"]
[EventCategory "6"]
[SourceTitle "CBM 193 Extra"]
[Source "ChessBase"]
[SourceDate "2020.01.31"]
[SourceVersion "1"]
[SourceVersionDate "2020.01.31"]
[SourceQuality "1"]

1. Nf3 d5 2. g3 Nf6 3. Bg2 e6 4. 0-0 Be7 5. d3 0-0 6. Nbd2 c5 7. e4 Nc6 8. Re1 b5 9. e5 Nd7 10. Nf1 a5 11. h4 b4 12. N1h2 a4 13. a3 Nd4 14. Nxd4 cxd4 15. Qg4 Re8 16. Qxd4 bxa3 17. bxa3 Qa5 18. Nf3 Ba6 19. Bd2 Qc7 20. Ra2 Bc5 21. Qf4 Bb7 22. h5 f6 23. d4 fxe5 24. Nxe5 Rf8 25. Qe3 Nxe5 26. dxc5 Qf7 27. f4 Nc4 28. Qd4 Qxh5 29. Bc3 Rf7 30. Rxe6 Rd8 31. Ra1 Bc8 32. Ree1 Qg4 33. Qxd5 1-0

[Event "PHI-ch"]
[Site "Quezon City"]
[Date "2019.11.24"]
[Round "8"]
[White "Pascua, Haridas"]
[Black "Laylo, Darwin"]
[Result "1/2-1/2"]
[WhiteElo "2434"]
[BlackElo "2441"]
[PlyCount "61"]
[EventDate "2019.11.20"]
[EventType "tourn"]
[EventRounds "11"]
[EventCountry "PHI"]
[EventCategory "6"]
[SourceTitle "CBM 193 Extra"]
[Source "ChessBase"]
[SourceDate "2020.01.31"]
[SourceVersion "1"]
[SourceVersionDate "2020.01.31"]
[SourceQuality "1"]

1. Nf3 d5 2. c4 c6 3. cxd5 cxd5 4. d4 Nc6 5. Nc3 Nf6 6. Bf4 e6 7. e3 Bd6 8. Bxd6 Qxd6 9. Bd3 0-0 10. 0-0 a6 11. Qe2 Bd7 12. Rfc1 Rfc8 13. Qd1 Ne7 14. Ne2 Rxc1 15. Rxc1 Rc8 16. Rxc8+ Bxc8 17. Qc2 Qc6 18. Ne5 Qxc2 19. Bxc2 Nd7 20. Nxd7 Bxd7 21. a3 h6 22. h4 Kf8 23. Nc3 Ke8 24. Kf1 Kd8 25. Ke2 Nc8 26. b4 Nd6 27. Bd3 Ke7 28. g3 Bc6 29. Kd2 Kd7 30. Kc2 Kc7 31. Kd2 1/2-1/2

[Event "PHI-ch"]
[Site "Quezon City"]
[Date "2019.11.23"]
[Round "6"]
[White "Garcia, Jan Emmanuel"]
[Black "Pascua, Haridas"]
[Result "1/2-1/2"]
[WhiteElo "2426"]
[BlackElo "2434"]
[PlyCount "69"]
[EventDate "2019.11.20"]
[EventType "tourn"]
[EventRounds "11"]
[EventCountry "PHI"]
[EventCategory "6"]
[SourceTitle "CBM 193 Extra"]
[Source "ChessBase"]
[SourceDate "2020.01.31"]
[SourceVersion "1"]
[SourceVersionDate "2020.01.31"]
[SourceQuality "1"]

1. d4 d5 2. c4 e6 3. Nc3 Nf6 4. Nf3 Be7 5. Bg5 0-0 6. e3 a6 7. cxd5 exd5 8. Bd3 c6 9. 0-0 Nbd7 10. Qc2 Re8 11. h3 Nf8 12. Rab1 Be6 13. b4 N6d7 14. Bxe7 Qxe7 15. Na4 f6 16. Nc5 Nxc5 17. Qxc5 Bf7 18. Rfc1 Bg6 19. Bxg6 hxg6 20. a4 Ne6 21. Qxe7 Rxe7 22. Ne1 Nc7 23. Nd3 Kf7 24. Nc5 Ne6 25. Nxe6 Kxe6 26. h4 Kd6 27. g3 Ree8 28. Kg2 Rec8 29. a5 Rh8 30. Kf3 Rae8 31. Rc2 Re7 32. Rbc1 Rc7 33. Rb1 Re7 34. Rbc1 Rc7 35. Rb1 1/2-1/2

[Event "PHI-ch"]
[Site "Quezon City"]
[Date "2019.11.22"]
[Round "5"]
[White "Pascua, Haridas"]
[Black "Bersamina, Paulo"]
[Result "1/2-1/2"]
[WhiteElo "2434"]
[BlackElo "2455"]
[PlyCount "194"]
[EventDate "2019.11.20"]
[EventType "tourn"]
[EventRounds "11"]
[EventCountry "PHI"]
[EventCategory "6"]
[SourceTitle "CBM 193 Extra"]
[Source "ChessBase"]
[SourceDate "2020.01.31"]
[SourceVersion "1"]
[SourceVersionDate "2020.01.31"]
[SourceQuality "1"]

1. d4 d5 2. Nf3 e6 3. Bf4 Bd6 4. Bxd6 Qxd6 5. Nbd2 Nf6 6. e3 c5 7. c4 cxd4 8. Nxd4 0-0 9. Be2 Nc6 10. Nxc6 bxc6 11. 0-0 e5 12. Qc2 Bg4 13. Bxg4 Nxg4 14. h3 Nf6 15. Rac1 Qe6 16. cxd5 cxd5 17. Qc6 Rfc8 18. Qxe6 fxe6 19. Nb3 Kf7 20. Rxc8 Rxc8 21. Rc1 Rxc1+ 22. Nxc1 Ke7 23. f3 Kd6 24. Kf2 g5 25. Nb3 Nd7 26. Kg3 Nb6 27. Nd2 Na4 28. b3 Nc3 29. Kg4 Nxa2 30. Kxg5 a5 31. f4 Nc3 32. Kh6 e4 33. Kxh7 Nd1 34. g4 Nxe3 35. g5 Ng2 36. g6 Nxf4 37. Kh6 Nxg6 38. Kxg6 Ke5 39. h4 Kf4 40. Nf1 d4 41. h5 e3 42. Nxe3 dxe3 43. h6 e2 44. h7 e1Q 45. h8Q Qe4+ 46. Kf7 Qb7+ 47. Kxe6 Qxb3+ 48. Kd6 a4 49. Kc5 Ke3 50. Qd4+ Ke2 51. Qe4+ Kd2 52. Qd4+ Kc2 53. Qf2+ Kb1 54. Qe1+ Kb2 55. Qd2+ Ka1 56. Qc1+ Ka2 57. Qd2+ Qb2 58. Qd5+ Ka3 59. Qd3+ Qb3 60. Qd2 Qb1 61. Qc3+ Ka2 62. Qd2+ Qb2 63. Qd5+ Qb3 64. Qd2+ Ka3 65. Qc1+ Qb2 66. Qc4 Qe5+ 67. Kb6 Qf6+ 68. Kb5 Qf5+ 69. Kb6 Qg6+ 70. Kb5 Qh5+ 71. Kb6 Qd1 72. Ka5 Qh5+ 73. Kb6 Qe5 74. Ka6 Qf6+ 75. Kb5 Qf5+ 76. Ka6 Qg6+ 77. Ka5 Qg5+ 78. Ka6 Qe3 79. Ka5 Qe1+ 80. Kb5 Qd1 81. Ka5 Qd2+ 82. Kb5 Qg5+ 83. Ka6 Qe5 84. Kb6 Qe3+ 85. Ka5 Qe1+ 86. Kb5 Qe8+ 87. Ka5 Qh5+ 88. Ka6 Qe5 89. Kb6 Qe1 90. Kb5 Qb1+ 91. Ka5 Qf5+ 92. Ka6 Qg6+ 93. Ka5 Qg5+ 94. Ka6 Qd2 95. Kb5 Qb2+ 96. Ka5 Qd2+ 97. Kb5 Qb2+ 1/2-1/2

[Event "PHI-ch"]
[Site "Quezon City"]
[Date "2019.11.22"]
[Round "4"]
[White "Quizon, Daniel"]
[Black "Pascua, Haridas"]
[Result "1/2-1/2"]
[WhiteElo "2337"]
[BlackElo "2434"]
[PlyCount "167"]
[EventDate "2019.11.20"]
[EventType "tourn"]
[EventRounds "11"]
[EventCountry "PHI"]
[EventCategory "6"]
[SourceTitle "CBM 193 Extra"]
[Source "ChessBase"]
[SourceDate "2020.01.31"]
[SourceVersion "1"]
[SourceVersionDate "2020.01.31"]
[SourceQuality "1"]

1. e4 e5 2. Nf3 Nc6 3. Bb5 a6 4. Ba4 Nf6 5. d3 d6 6. c3 g6 7. 0-0 Bg7 8. Nbd2 0-0 9. Re1 Nd7 10. Nf1 Nc5 11. Bc2 Ne6 12. Ng3 Qf6 13. Be3 Nf4 14. Qd2 Bg4 15. Bd1 h5 16. h3 Bxf3 17. Bxf3 Nxh3+ 18. gxh3 Qxf3 19. Bg5 Bf6 20. Bh6 Bg7 21. Bg5 Bf6 22. Bh6 Bh4 23. Bxf8 Rxf8 24. Qe3 Qf6 25. Kg2 Nd8 26. Qf3 Qe7 27. Rg1 Ne6 28. Kh2 Ng5 29. Qe3 Qf6 30. Rg2 Kh7 31. Rf1 Nf3+ 32. Kh1 Bg5 33. Qe2 Qf4 34. Qd1 Nh4 35. Rh2 Qf6 36. b3 c6 37. c4 Rd8 38. d4 Nf3 39. Rg2 Qf4 40. d5 Bh6 41. Qd3 Ng5 42. Ne2 Qxe4 43. Qxe4 Nxe4 44. Rd1 f5 45. f3 Nf6 46. dxc6 bxc6 47. Nc3 Be3 48. Rd3 Bd4 49. Ne2 Bc5 50. Nc3 h4 51. Re2 Bd4 52. Re1 Nh5 53. Ne2 Bc5 54. Rb1 a5 55. Kh2 Re8 56. Rbd1 Re6 57. Re1 Bb4 58. Rf1 Kg7 59. Kg2 Kf6 60. Rfd1 e4 61. fxe4 Rxe4 62. Kf3 Bc5 63. Rxd6+ Bxd6 64. Rxd6+ Re6 65. Rxe6+ Kxe6 66. Nd4+ Kd6 67. Ke3 Ng7 68. Nf3 Kc5 69. Nxh4 g5 70. Nf3 Ne6 71. a3 a4 72. bxa4 Kxc4 73. h4 f4+ 74. Ke4 Nc5+ 75. Kf5 gxh4 76. Nxh4 Nxa4 77. Kxf4 Kb3 78. Nf5 c5 79. Nd6 Kxa3 80. Ke3 Kb4 81. Kd2 Nb6 82. Kc1 Nd5 83. Ne4 Nc3 84. Nxc5 1/2-1/2

[Event "PHI-ch"]
[Site "Quezon City"]
[Date "2019.11.21"]
[Round "3"]
[White "Pascua, Haridas"]
[Black "Gomez, John Paul"]
[Result "1/2-1/2"]
[WhiteElo "2434"]
[BlackElo "2433"]
[PlyCount "66"]
[EventDate "2019.11.20"]
[EventType "tourn"]
[EventRounds "11"]
[EventCountry "PHI"]
[EventCategory "6"]
[SourceTitle "CBM 193 Extra"]
[Source "ChessBase"]
[SourceDate "2020.01.31"]
[SourceVersion "1"]
[SourceVersionDate "2020.01.31"]
[SourceQuality "1"]

1. e4 e5 2. Nf3 Nc6 3. Bb5 Nf6 4. d3 Bc5 5. c3 0-0 6. 0-0 d6 7. Nbd2 a6 8. Bxc6 bxc6 9. d4 exd4 10. cxd4 Bb6 11. Qc2 Re8 12. Re1 Bd7 13. b3 c5 14. Bb2 cxd4 15. Bxd4 Bxd4 16. Nxd4 a5 17. Rad1 Qb8 18. N4f3 a4 19. e5 axb3 20. axb3 dxe5 21. Rxe5 Rxe5 22. Nxe5 Be6 23. h3 Qb7 24. Rc1 Bd5 25. Ndf3 Qxb3 26. Qxb3 Bxb3 27. Rxc7 Bd5 28. Ng5 Rf8 29. Nd7 Nxd7 30. Rxd7 Ba2 31. Ra7 Bd5 32. Rd7 Ba2 33. Ra7 Bd5 1/2-1/2

[Event "Pattaya Thailand op 2nd"]
[Site "Pattaya"]
[Date "2019.10.29"]
[Round "8"]
[White "Pascua, Haridas"]
[Black "Saptarshi, Roy Chowdhury"]
[Result "1/2-1/2"]
[WhiteElo "2425"]
[BlackElo "2456"]
[PlyCount "96"]
[EventDate "2019.10.23"]
[EventType "swiss"]
[EventRounds "9"]
[EventCountry "THA"]
[SourceTitle "CBM 192 Extra"]
[Source "Chessbase"]
[SourceDate "2019.11.06"]
[SourceVersion "1"]
[SourceVersionDate "2019.11.06"]
[SourceQuality "1"]

1. d4 d5 2. c4 Nc6 3. Nf3 Bg4 4. Nc3 Nf6 5. Ne5 Nxe5 6. dxe5 d4 7. Na4 Ng8 8. Nc5 c6 9. Qa4 Qc7 10. Bf4 e6 11. Ne4 Nf6 12. Nd6+ Bxd6 13. exd6 Qb6 14. b4 a5 15. f3 Bf5 16. Bd2 0-0 17. c5 Qd8 18. bxa5 e5 19. g3 Nd5 20. Rc1 Re8 21. Bg2 Ne3 22. Bxe3 Rxa5 23. Qb4 Rb5 24. Qd2 dxe3 25. Qxe3 Qa5+ 26. Kf2 Qxa2 27. Rhd1 f6 28. g4 Rb3 29. Rc3 Rxc3 30. Qxc3 Bd7 31. Ra1 Qf7 32. Rb1 Bc8 33. e4 h5 34. h3 Qa2+ 35. Rb2 Qa1 36. Bf1 h4 37. Qd2 Qa3 38. Kg2 Rd8 39. Qf2 g5 40. Ra2 Qc1 41. Ra8 Rf8 42. Qa2+ Kg7 43. Qb3 Qd2+ 44. Kg1 Qd4+ 45. Kg2 Qd2+ 46. Kg1 Qd4+ 47. Kg2 Qd2+ 48. Kg1 Qd4+ 1/2-1/2

[Event "Pattaya Thailand op 2nd"]
[Site "Pattaya"]
[Date "2019.10.25"]
[Round "3"]
[White "Habla, Jony"]
[Black "Pascua, Haridas"]
[Result "0-1"]
[WhiteElo "2152"]
[BlackElo "2425"]
[PlyCount "138"]
[EventDate "2019.10.23"]
[EventType "swiss"]
[EventRounds "9"]
[EventCountry "THA"]
[SourceTitle "CBM 192 Extra"]
[Source "Chessbase"]
[SourceDate "2019.11.06"]
[SourceVersion "1"]
[SourceVersionDate "2019.11.06"]
[SourceQuality "1"]

1. d4 Nf6 2. c4 e6 3. Nf3 Be7 4. Nc3 d5 5. e3 0-0 6. a3 Nbd7 7. h3 b6 8. cxd5 exd5 9. Bd3 Bb7 10. 0-0 Re8 11. Qa4 Bd6 12. Ba6 Qc8 13. Bxb7 Qxb7 14. Rd1 a6 15. Bd2 b5 16. Qc2 a5 17. b3 Rac8 18. Ne2 Qb6 19. Qb2 c6 20. Nf4 Ne4 21. Be1 Ra8 22. Rac1 a4 23. Nd3 axb3 24. Bb4 Qb7 25. Qxb3 Nb6 26. Nd2 Nxd2 27. Rxd2 Nc4 28. Ra2 Bb8 29. Ne1 Ra4 30. Nf3 Qc7 31. Kf1 h6 32. Rac2 Re6 33. Ke2 Qa7 34. Rc3 Bd6 35. Nd2 Bxb4 36. axb4 Ra3 37. Qb1 Rxc3 38. Rxc3 Qxd4 39. Rd3 Nxd2 40. Kxd2 Qe4 41. f3 Qh4 42. Ke2 Rg6 43. Kf1 Qg3 44. Qa2 Qh2 45. Qf2 Qe5 46. Qa2 Kh7 47. Qc2 Qa1+ 48. Rd1 Qa3 49. Qd2 f5 50. h4 h5 51. Re1 Qa7 52. Qc2 Qd7 53. Qd3 Qe6 54. Qd4 Qd6 55. f4 Qe7 56. Qd3 Qxh4 57. Qxf5 Qh1+ 58. Ke2 Qxg2+ 59. Kd3 Qg4 60. Qxg4 Rxg4 61. Rc1 Rg6 62. f5 Rh6 63. Kd4 h4 64. Ke5 h3 65. Rh1 Kg8 66. Kf4 h2 67. Kg5 Kf7 68. f6 Rg6+ 69. Kh5 Rxf6 0-1

[Event "Pattaya Thailand op 2nd"]
[Site "Pattaya"]
[Date "2019.10.25"]
[Round "1"]
[White "Wongsawan, Thoetsak"]
[Black "Pascua, Haridas"]
[Result "0-1"]
[WhiteElo "1848"]
[BlackElo "2425"]
[PlyCount "90"]
[EventDate "2019.10.23"]
[EventType "swiss"]
[EventRounds "9"]
[EventCountry "THA"]
[SourceTitle "CBM 192 Extra"]
[Source "Chessbase"]
[SourceDate "2019.11.06"]
[SourceVersion "1"]
[SourceVersionDate "2019.11.06"]
[SourceQuality "1"]

1. e4 e5 2. Nf3 Nc6 3. Bb5 a6 4. Ba4 Nf6 5. 0-0 b5 6. Bb3 Bc5 7. c3 d6 8. d4 Bb6 9. a4 Bg4 10. d5 Na5 11. Bc2 0-0 12. h3 Bh5 13. Qd3 Bg6 14. Bg5 Rb8 15. Nbd2 c5 16. c4 bxc4 17. Nxc4 h6 18. Bh4 Nxc4 19. Qxc4 Ra8 20. Ra3 Bh7 21. Nh2 g5 22. Bg3 Ba5 23. Qe2 Rb8 24. Rb1 Rb4 25. Re3 Bg6 26. Ng4 Nxg4 27. hxg4 Qb6 28. Bd3 Rxa4 29. Bxa6 Rxe4 30. Rxe4 Bxe4 31. Qxe4 Qxa6 32. Ra1 Qb5 33. Kh2 Bb6 34. b3 Bc7 35. Ra7 Bb8 36. Re7 Qxb3 37. Re6 Kg7 38. Re7 c4 39. Qf5 Qd3 40. Qe6 c3 41. f4 gxf4 42. Bh4 Qg6 43. Qd7 c2 44. Re6 Qxg4 45. Bf6+ Kg8 0-1

[Event "Kuala Lumpur Selangor op 46th"]
[Site "Kuala Lumpur"]
[Date "2019.04.30"]
[Round "7"]
[White "Pascua, Haridas"]
[Black "Khandhar, Kaushal"]
[Result "1-0"]
[WhiteElo "2426"]
[BlackElo "1929"]
[PlyCount "37"]
[EventDate "2019.04.26"]
[EventType "swiss"]
[EventRounds "9"]
[EventCountry "MAS"]
[SourceTitle "EXT 2020"]
[Source "ChessBase"]
[SourceDate "2019.10.17"]
[SourceVersion "1"]
[SourceVersionDate "2019.10.17"]
[SourceQuality "1"]

1. Nf3 Nf6 2. g3 d5 3. Bg2 Nbd7 4. d4 e6 5. 0-0 b5 6. Nbd2 Bb7 7. Re1 c5 8. c3 cxd4 9. Nxd4 Qb6 10. a4 bxa4 11. Qxa4 e5 12. e4 Nxe4 13. Nxe4 dxe4 14. Bxe4 f6 15. Bf5 Rd8 16. Ne6 Bc6 17. Qxa7 Rb8 18. Nxf8 Nxf8 19. Qxg7 1-0

[Event "Kuala Lumpur Selangor op 46th"]
[Site "Kuala Lumpur"]
[Date "2019.04.28"]
[Round "5"]
[White "Pascua, Haridas"]
[Black "Udani, Ian"]
[Result "1-0"]
[WhiteElo "2426"]
[BlackElo "2258"]
[PlyCount "77"]
[EventDate "2019.04.26"]
[EventType "swiss"]
[EventRounds "9"]
[EventCountry "MAS"]
[SourceTitle "EXT 2020"]
[Source "ChessBase"]
[SourceDate "2019.10.17"]
[SourceVersion "1"]
[SourceVersionDate "2019.10.17"]
[SourceQuality "1"]

1. c4 c6 2. Nf3 d5 3. e3 Nf6 4. Nc3 g6 5. d4 Bg7 6. b4 0-0 7. Bb2 a5 8. b5 cxb5 9. Nxb5 Nc6 10. Be2 Bf5 11. 0-0 Rc8 12. Qb3 Be4 13. Rfc1 dxc4 14. Bxc4 Bxf3 15. gxf3 Nd7 16. Be2 Nb6 17. f4 a4 18. Qd1 Qd7 19. Ba3 Ra8 20. Rab1 Nd5 21. Bg4 e6 22. Bxf8 Bxf8 23. Bf3 Ra5 24. Nc3 Nce7 25. Ne4 Nf5 26. Nc5 Bxc5 27. dxc5 Nh4 28. Bh1 f5 29. Rb4 Ra8 30. Rd4 Rd8 31. Qxa4 Qxa4 32. Rxa4 Nc3 33. Rd4 Ne2+ 34. Kf1 Nxd4 35. exd4 Rd7 36. Rc4 Kf8 37. Rb4 Ke7 38. Bxb7 Kd8 39. a4 1-0

[Event "Kuala Lumpur Selangor op 46th"]
[Site "Kuala Lumpur"]
[Date "2019.04.26"]
[Round "1"]
[White "Pascua, Haridas"]
[Black "Lim, Kian Hwa"]
[Result "1-0"]
[WhiteElo "2426"]
[BlackElo "1663"]
[PlyCount "111"]
[EventDate "2019.04.26"]
[EventType "swiss"]
[EventRounds "9"]
[EventCountry "MAS"]
[SourceTitle "EXT 2020"]
[Source "ChessBase"]
[SourceDate "2019.10.17"]
[SourceVersion "1"]
[SourceVersionDate "2019.10.17"]
[SourceQuality "1"]

1. c4 e5 2. Nc3 d6 3. g3 Nf6 4. Bg2 c6 5. d4 Be7 6. e4 0-0 7. Nf3 Nbd7 8. h3 a6 9. a4 c5 10. d5 Ne8 11. Qc2 Bf6 12. h4 h5 13. Ng5 g6 14. Bf3 Ng7 15. Be2 Re8 16. g4 hxg4 17. Bxg4 Nf8 18. Be2 Bd7 19. Rg1 Nh7 20. Qd2 Nxg5 21. hxg5 Be7 22. Qe3 Rf8 23. Qg3 Be8 24. Qh3 f6 25. gxf6 Bxf6 26. Bg4 Bh4 27. Be3 Qf6 28. Rg2 Kf7 29. Ke2 Ke7 30. Rb1 a5 31. Qf3 Nh5 32. Qxf6+ Nxf6 33. Bf3 Rg8 34. Rbg1 Ra6 35. Kd3 Rb6 36. Nb5 Bf7 37. Rh1 g5 38. Rhg1 Nh7 39. Bg4 Ra6 40. Bf5 Bg6 41. Bxg6 Rxg6 42. Nc7 Rb6 43. Kc2 Nf6 44. Rh1 Kf7 45. f3 Rg8 46. Bd2 Rb4 47. Bxb4 cxb4 48. Ne6 Nd7 49. Rhg1 Kf6 50. Rg4 Rg6 51. f4 exf4 52. Nxf4 Ne5 53. Nxg6 Nxg4 54. Nxh4 Ne3+ 55. Kd3 Nxc4 56. Rf1+ 1-0

[Event "Bangkok Cha Am op 19th"]
[Site "Bangkok"]
[Date "2019.04.13"]
[Round "8"]
[White "Pascua, Haridas"]
[Black "Lalith, Babu MR"]
[Result "1-0"]
[WhiteElo "2426"]
[BlackElo "2577"]
[PlyCount "65"]
[EventDate "2019.04.06"]
[EventType "swiss"]
[EventRounds "9"]
[EventCountry "THA"]
[SourceTitle "CBM 189 Extra"]
[Source "ChessBase"]
[SourceDate "2019.05.31"]
[SourceVersion "1"]
[SourceVersionDate "2019.05.31"]
[SourceQuality "1"]

1. d4 g6 2. c4 Bg7 3. Nc3 d6 4. Nf3 Bg4 5. e3 Nf6 6. Be2 0-0 7. h3 Bf5 8. 0-0 Nc6 9. d5 Nb8 10. Nd4 Bd7 11. e4 e5 12. Nc2 a5 13. Ne1 Na6 14. Nd3 c6 15. a4 Nb4 16. Be3 c5 17. Qd2 Qb6 18. g4 Ne8 19. Kh2 Qd8 20. Rg1 f5 21. gxf5 gxf5 22. Bg5 Nf6 23. f4 fxe4 24. fxe5 exd3 25. exf6 Rxf6 26. Ne4 Kh8 27. Bh4 Qe8 28. Rxg7 Qe5+ 29. Rg3 Rf4 30. Qxf4 Qxf4 31. Bf6+ Qxf6 32. Nxf6 dxe2 33. Rag1 1-0

[Event "Ho Chi Minh City HD Bank op 9th"]
[Site "Ho Chi Minh City"]
[Date "2019.03.12"]
[Round "8"]
[White "Vo, Thi Kim Phung"]
[Black "Pascua, Haridas"]
[Result "1-0"]
[WhiteElo "2349"]
[BlackElo "2446"]
[PlyCount "55"]
[EventDate "2019.03.07"]
[EventType "swiss"]
[EventRounds "9"]
[EventCountry "VIE"]
[SourceTitle "CBM 189 Extra"]
[Source "ChessBase"]
[SourceDate "2019.05.31"]
[SourceVersion "1"]
[SourceVersionDate "2019.05.31"]
[SourceQuality "1"]

1. d4 Nf6 2. c4 e6 3. g3 Bb4+ 4. Bd2 Qe7 5. Bg2 0-0 6. Nc3 d5 7. Nf3 dxc4 8. 0-0 Rd8 9. Qc2 Nc6 10. Bg5 Nxd4 11. Nxd4 Rxd4 12. Ne4 Qd8 13. Nxf6+ gxf6 14. Be3 Rd7 15. Rfd1 Bf8 16. Rxd7 Bxd7 17. Bxb7 Rb8 18. Bf3 c5 19. Rd1 Qe7 20. Qxc4 Rxb2 21. Qg4+ Kh8 22. Qh4 Qe8 23. Bxc5 Bg7 24. Qd4 Ba4 25. Qxb2 Bxd1 26. Bxa7 f5 27. Bd4 e5 28. Bc6 1-0